| 000 -LEADER |
| fixed length control field |
01352cam a22003737i 4500 |
| 001 - CONTROL NUMBER |
| control field |
18321114 |
| 003 - CONTROL NUMBER IDENTIFIER |
| control field |
OSt |
| 005 - DATE AND TIME OF LATEST TRANSACTION |
| control field |
20240120122705.0 |
| 008 - FIXED-LENGTH DATA ELEMENTS--GENERAL INFORMATION |
| fixed length control field |
140930s2014 nyua j 000 1 eng d |
| 010 ## - LIBRARY OF CONGRESS CONTROL NUMBER |
| LC control number |
2014952850 |
| 020 ## - INTERNATIONAL STANDARD BOOK NUMBER |
| International Standard Book Number |
9781442498266 (pbk.) |
| 035 ## - SYSTEM CONTROL NUMBER |
| System control number |
(OCoLC)ocn900199838 |
| 040 ## - CATALOGING SOURCE |
| Original cataloging agency |
IHI |
| Transcribing agency |
IHI |
| Description conventions |
rda |
| Modifying agency |
TOH |
| -- |
DLC |
| -- |
KH8 |
| 042 ## - AUTHENTICATION CODE |
| Authentication code |
lccopycat |
| 082 04 - DEWEY DECIMAL CLASSIFICATION NUMBER |
| Classification number |
FIC BUR |
| Edition number |
23 |
| 100 1# - MAIN ENTRY--PERSONAL NAME |
| Personal name |
Burkhart, Jessica, |
| Relator term |
author. |
| 245 10 - TITLE STATEMENT |
| Title |
Green with envy / |
| Statement of responsibility, etc. |
by Jessica Burkhart ; illustrated by Victoria Ying. |
| 250 ## - EDITION STATEMENT |
| Edition statement |
Aladdin hardcover edition. |
| 264 #1 - PRODUCTION, PUBLICATION, DISTRIBUTION, MANUFACTURE, AND COPYRIGHT NOTICE |
| Place of production, publication, distribution, manufacture |
New York : |
| Name of producer, publisher, distributor, manufacturer |
Aladdin, |
| Date of production, publication, distribution, manufacture, or copyright notice |
2014. |
| 300 ## - PHYSICAL DESCRIPTION |
| Extent |
127 pages : |
| Other physical details |
illustrations ; |
| Dimensions |
22 cm. |
| 336 ## - CONTENT TYPE |
| Content type term |
text |
| Source |
rdacontent |
| 336 ## - CONTENT TYPE |
| Content type term |
still image |
| Source |
rdacontent |
| 337 ## - MEDIA TYPE |
| Media type term |
unmediated |
| Source |
rdamedia |
| 338 ## - CARRIER TYPE |
| Carrier type term |
volume |
| Source |
rdacarrier |
| 490 1# - SERIES STATEMENT |
| Series statement |
Unicorn magic ; |
| Volume/sequential designation |
book 3 |
| 500 ## - GENERAL NOTE |
| General note |
Contains excerpt of author's Bella and Glimmer's next adventure: The Hidden Treasure. |
| 520 ## - SUMMARY, ETC. |
| Summary, etc. |
Anticipating a visit from her favorite cousin, Princess Bella experiences jealousy when Ivy, Clara, and the unicorn Glimmer instantly fall in love with her guest. |
| 521 1# - TARGET AUDIENCE NOTE |
| Target audience note |
Ages 6-9. |
| 650 #0 - SUBJECT ADDED ENTRY--TOPICAL TERM |
| Topical term or geographic name entry element |
Magic |
| Form subdivision |
Juvenile fiction. |
| 650 #0 - SUBJECT ADDED ENTRY--TOPICAL TERM |
| Topical term or geographic name entry element |
Cousins |
| Form subdivision |
Juvenile fiction. |
| 700 1# - ADDED ENTRY--PERSONAL NAME |
| Personal name |
Ying, Victoria, |
| Relator term |
illustrator. |
| 800 1# - SERIES ADDED ENTRY--PERSONAL NAME |
| Personal name |
Burkhart, Jessica. |
| Title of a work |
Unicorn magic ; |
| Volume/sequential designation |
book 3. |
| 942 ## - ADDED ENTRY ELEMENTS (KOHA) |
| Source of classification or shelving scheme |
|
| Koha item type |
Books - Fiction |